Los peores inventos del mundo: los artilugios más absurdos jamás imaginados

Gorde:
Xehetasun bibliografikoak
Egile nagusia: Watkins, Jack (Egilea)
Formatua: Liburua
Hizkuntza:gaztelania
Argitaratua: Ciudad de México Océano de México 2011
Edizioa:1a. ed
Gaiak:
Etiketak: Etiketa erantsi
Etiketarik gabe, Izan zaitez lehena erregistro honi etiketa jartzen!

MARC

LEADER 00000cam a2200000 a 4500
001 UCF7423
003 CL-VaPUC
008 130627e20110000MX |||||||||||||||||spa|d
020 |a 9786074003390 
082 0 4 |a 600  |b WAT  |2 21 
100 0 |a Watkins, Jack  |e author  |9 569475 
245 1 4 |a Los peores inventos del mundo: los artilugios más absurdos jamás imaginados 
250 |a 1a. ed 
300 |a 320 p 
942 |c BK 
945 |d 20130627 00:00:00  |a cmena 
260 |a Ciudad de México  |b Océano de México  |c 2011 
650 7 |a INVENTOS  |2 CL-VaPUC  |9 266077 
650 0 |a Diseño industrial  |9 262726 
583 |a last modification  |c 20130627 13:18:00  |k Rodrigo Vera 
999 |c 352266  |d 352264 
952 |0 0  |1 0  |4 0  |6 600_000000000000000_WAT_2011  |7 0  |8 A  |9 456739  |a BIBING  |b BIBING  |d 2019-11-22  |i 4872967  |o 600 WAT 2011  |p 4872967  |r 2025-01-20  |w 2019-11-22  |y BK  |k CUI